Cómo gerenciar la transformación hacia la calidad total / Thomas H. Berry (Registro nro. 3197)

Detalles MARC
000 -LEADER
fixed length control field 00562nam a22002051a 4500
001 - CONTROL NUMBER
control field 3197
003 - CONTROL NUMBER IDENTIFIER
control field OSt
005 - DATE AND TIME OF LATEST TRANSACTION
control field 20260204211841.0
008 - FIXED-LENGTH DATA ELEMENTS--GENERAL INFORMATION
fixed length control field 040719s1994||||ck ||||||b||||||||||spa||
020 ## - NUMERO DE LIBRO INTERNACIONAL NORMALIZADO
International Standard Book Number 9586001210
050 ## - LIBRARY OF CONGRESS CALL NUMBER
Classification number 658.562 B459c
082 ## - DEWEY DECIMAL CLASSIFICATION NUMBER
Classification number 658.562 B459c
100 ## - ASIENTO PRINCIPAL -- NOMBRE PERSONAL
Personal name Berry, Thomas H.
245 ## - TÍTULO PROPIAMENTE DICHO: SUBTÍTULO
Title Cómo gerenciar la transformación hacia la calidad total / Thomas H. Berry
264 ## - PRODUCTION, PUBLICATION, DISTRIBUTION, MANUFACTURE, AND COPYRIGHT NOTICE
Place of production, publication, distribution, manufacture Colombia : McGraw-Hill
300 ## - PHYSICAL DESCRIPTION
Extensión 205 p
500 ## - GENERAL NOTE
General note Incluye indice
650 ## - ASIENTO SECUNDARIO DE MATERIA -- TERMINO TEMÁTICO
Termino Temático Como Elemento de Entrada 1.Calidad Total 2.Administración de la CalidadÌ
942 ## - ADDED ENTRY ELEMENTS (KOHA)
Source of classification or shelving scheme Dewey Decimal Classification
Koha item type Libros
Existencias
Withdrawn status Lost status Source of classification or shelving scheme Damaged status Not for loan Current library Date acquired Total Checkouts Full call number Barcode Date last seen Price effective from Koha item type
    Dewey Decimal Classification     Biblioteca UTECO 09/09/2019   658.562 B459C 003331 09/09/2019 09/09/2019 Libros
    Dewey Decimal Classification     Biblioteca UTECO 09/09/2019   658.562 B459C 003332 09/09/2019 09/09/2019 Libros
    Dewey Decimal Classification     Biblioteca UTECO 09/09/2019   658.562 B459C 003333 09/09/2019 09/09/2019 Libros
    Dewey Decimal Classification Descartado para donación   Biblioteca UTECO 09/09/2019   658.562 B459C 010895 09/09/2019 09/09/2019 Libros
© 2021 Derechos Reservados UTECO - Teléfono: +1 809-585-2291 - Correo electrónico: biblioteca@uteco.edu.do​  
Código postal 43000 ​​
Dirección: Avenida Universitaria No. 100, 
Cotuí, Provincia Sánchez Ramírez, República Dominicana - RNC: 404-00059-6